| 000 | 00532nam a2200181 4500 | ||
|---|---|---|---|
| 001 | 26554 | ||
| 005 | 20230410120752.0 | ||
| 008 | 060907n2004 dr spa | ||
| 020 | _a1883955343 | ||
| 035 | _9funglode26753 | ||
| 041 | _aEN | ||
| 050 | 1 | 4 | _aHV 6432.7 T954m 2004 |
| 100 | _aTurner, William W. | ||
| 245 | 1 |
_aMission not accomplished : _bhow Geroge Bush lost the war on terrorism / _cWilliam W. Turner |
|
| 260 |
_aRoseville, California : _bPenmarin Books, _c2004 |
||
| 300 | _axvii, 204 p. | ||
| 942 |
_2lcc _cbk |
||
| 999 |
_c51499 _d51499 |
||